| 000 | 00963nam0a2200301 4500 | ||
|---|---|---|---|
| 001 | RU\NLR\BIBL_A\012277910 | ||
| 005 | 20250624004756.0 | ||
| 010 | _95000 | ||
| 035 | _a(NLR Aleph) 012277910 | ||
| 090 |
_a13300298 _c13300298 |
||
| 100 | _a20200622d1985 |||y0rusy50 ca | ||
| 101 | 0 | _aaze | |
| 102 | _aAZ | ||
| 105 | _ay z 000 y | ||
| 181 | 0 |
_ai _baxxe |
|
| 182 | 0 | _an | |
| 200 | 1 |
_aХыналы jарпаглар _eповест вә һекаjәләр _fӘли Һәсәнов |
|
| 203 |
_aТекст _bвизуальный _cнепосредственный |
||
| 210 |
_aБакы _cJазычы _d1985 |
||
| 215 |
_a150 с. _d14 |
||
| 541 | 1 |
_aПожелтевшие листья _eповесть и рассказы |
|
| 686 | 1 | _aШ6(2=Аз)7-4 | |
| 700 | 1 |
_aҺәсәнов _bӘ. _gӘли _4070 |
|
| 790 | 1 |
_aГасанов _bА. К. _gАли Керим оглы _4070 |
|
| 852 |
_aNLR _bОНЛ _jАзерб./1-2553 |
||
| 942 | _cBOOK | ||
| 980 | _aNB | ||